UKIT quarterly bulletin 2009 Q4 (Record no. 110414)

MARC details
000 -LEADER
fixed length control field 01098cad a22002175a 4500
001 - CONTROL NUMBER
control field L149208
008 - FIXED-LENGTH DATA ELEMENTS--GENERAL INFORMATION
fixed length control field 100203s2010 xxkad f s 000 0 eng d
035 ## - SYSTEM CONTROL NUMBER
System control number (Sirsi) u149208
041 0# - LANGUAGE CODE
Language code of text/sound track or separate title eng
050 04 - LIBRARY OF CONGRESS CALL NUMBER
Classification number 333.33 $2 18
110 2# - MAIN ENTRY--CORPORATE NAME
Corporate name or jurisdiction name as entry element Lambert Smith Hampton
9 (RLIN) 2865
245 00 - TITLE STATEMENT
Title UKIT quarterly bulletin 2009 Q4
Medium [electronic resource]
260 ## - PUBLICATION, DISTRIBUTION, ETC.
Place of publication, distribution, etc. [S.l.]
Name of publisher, distributor, etc. LSH
Date of publication, distribution, etc. 2010
490 #0 - SERIES STATEMENT
Series statement UK Investment Transactions (UKIT)
Volume/sequential designation Fourth Quarter 2009
520 ## - SUMMARY, ETC.
Summary, etc. The property investment market has given the clearest sign yet that the downturn is over with a 61bp improvement in yields in the fourth quarter 2009.This is the largest shift in one quarter since Lambert Smith Hampton?s records began and brings the overall movement in yields to 91bp since the middle of 2009, indicating the marked positive shift in sentiment towards the market.
590 ## - LOCAL NOTE (RLIN)
Local note KA
651 #4 - SUBJECT ADDED ENTRY--GEOGRAPHIC NAME
Geographic name United Kingdom
Chronological subdivision
690 ## - LOCAL SUBJECT ADDED ENTRY--TOPICAL TERM (OCLC, RLIN)
Topical term or geographic name as entry element PROPERTY-COMMERCIAL PROPERTY-COMMERCIAL PROPERTY FINANCE AND INVESTMENT
856 40 - ELECTRONIC LOCATION AND ACCESS
Uniform Resource Identifier <a href="https://www.lsh.co.uk/pages/research_list.asp">https://www.lsh.co.uk/pages/research_list.asp</a>
Public note View the item free of charge at www.lsh.co.uk...
942 ## - ADDED ENTRY ELEMENTS (KOHA)
Suppress in OPAC 0
Holdings
Withdrawn status Lost status Source of classification or shelving scheme Damaged status Not for loan Home library Current library Shelving location Date acquired Total Checkouts Full call number Barcode Date last seen Copy number Price effective from Koha item type
    Dewey Decimal Classification     Virtual Virtual Online 03/02/2010   ONLINE PUBLICATION 149208-2001 06/08/2019 1 06/08/2019 Book